Państwa europejskie z najdłuższą siecią linii kolejowych - Statystyki

Ogólne statystyki
  • Ten quiz został rozwiązany 48 razy
  • Średni wynik to 10 z 10
Statystyki odpowiedzi
Pozycja Państwo Długość w km Zelektryfikowanych % Poprawnych
3 Francja 29 273 44%
100%
2 Niemcy 40 625 55%
100%
5 Polska 19 576 63%
100%
7 Hiszpania 16 355 68%
98%
1 Rosja 85 600 51%
96%
6 Włochy 16 788 78%
96%
4 Ukraina 19 799 50%
93%
9 Szwecja 14 180 84%
91%
8 Wielka Brytania 16 320 33%
91%
10 Rumunia 10 774 31%
89%
Nie znaleziono quizów pasujących do podanych kryteriów
Rozkład punktacji
Procent ludzi z każdym wynikiem
Percentyl według liczby udzielonych odpowiedzi
Twoja historia wyników
Nie rozwiązałeś tego quizu